| 000 | 00445nam a2200181Ia 4500 | ||
|---|---|---|---|
| 005 | 20240823041354.0 | ||
| 008 | 240823s9999||||xx |||||||||||||| ||und|| | ||
| 041 | _aENGLISH | ||
| 082 | _A658.15 N3 | ||
| 100 | _a"Van Home,James C" | ||
| 245 | 0 | _aFinancial Mangement and Policy | |
| 250 | _a9th | ||
| 260 |
_c1993 _b"PHI,New Delhi" |
||
| 500 | _aYES | ||
| 650 |
_afinancial Management _bManagement Studies |
||
| 942 | _cBK | ||
| 999 |
_c205343 _d205343 |
||